Factors affecting appraised values in highway land acquisition cases /

Bibliographic Details
Main Author: Washington, Earl J.
Corporate Authors: Texas. State Department of Highways and Public Transportation, United States. Federal Highway Administration, Texas Transportation Institute
Other Authors: Stokes, Robert W.
Format: Government Document Book
Language:English
Published: College Station, Tex. : Springfield, Va. : Texas Transportation Institute, Texas A&M University System ; Available through the National Technical Information Service, [1988]
Series:Research report (Austin, Tex.) ; 489-2F.
Subjects:

MARC

Tag First Indicator Second Indicator Subfields
LEADER 00000cam a2200000 a 4500
001 in00001069647
005 20150929095821.0
008 890106s19881000txu tb s00010 eng d
027 |a FHWA/TX-88/489-2F 
035 |a (OCoLC)18979132 
035 |9 AFN6725AM 
040 |a CBT  |c CBT  |d IKM  |d UtOrBLW 
043 |a n-us-tx 
049 |a IKMD 
086 |a H1333.7 R311 no.489-2F  |2 txdocs 
090 |a HE203  |b .T43 no. 489-2F 
099 9 |a H1333.7  |a R311  |a no.  |a 489-2F 
100 1 |a Washington, Earl J. 
245 1 0 |a Factors affecting appraised values in highway land acquisition cases /  |c by Earl J. Washington and Robert W. Stokes ; sponsored by Texas State Department of Highways and Public Transportation in cooperation with the U.S. Department of Transportation, Federal Highway Administration. 
264 1 |a College Station, Tex. :  |b Texas Transportation Institute, Texas A&M University System ;  |a Springfield, Va. :  |b Available through the National Technical Information Service,  |c [1988] 
300 |a xii, 71 pages ;  |c 28 cm. 
336 |a text  |b txt  |2 rdacontent 
337 |a unmediated  |b n  |2 rdamedia 
338 |a volume  |b nc  |2 rdacarrier 
490 1 |a Research report ;  |v 489-2F 
513 |a Final report.  |b Sept. 1985-Feb. 1988. 
500 |a "October 1988." 
500 |a "Increased land accessibility due to highway projects, research study number 2-15-86-489." 
504 |a Bibliography: pages 59-60. 
650 0 |a Real property  |x Valuation  |z Texas. 
650 0 |a Roads  |x Right of way  |x Economic aspects  |z Texas. 
650 0 |a Eminent domain  |z Texas. 
700 1 |a Stokes, Robert W. 
710 1 |a Texas.  |b State Department of Highways and Public Transportation. 
710 1 |a United States.  |b Federal Highway Administration. 
710 2 |a Texas Transportation Institute. 
830 0 |a Research report (Austin, Tex.) ;  |v 489-2F. 
999 |a MARS 
999 f f |s 2f13bf24-e096-31be-a176-ff7c104aa73e  |i b80456e7-98ea-3d3e-8e6c-157515f2bd27  |t 0 
952 f f |p ric  |a Texas A&M University  |b Rellis Campus  |c Joint Library Facility  |d Remote Storage  |t 0  |e HE203 .T43 no.489-2F  |h Library of Congress classification  |i unmediated -- volume  |m A14816028982 
998 f f |a HE203 .T43 no.489-2F  |t 0  |l Remote Storage